jujulielie - Statistiques

Statistiques générales
  • Ce quiz a été pris 5 fois
  • Le résultat moyen est 18 sur 26
Statistiques - réponses
Hint Réponse % Correct
13 julie b
100%
12 Julie g
100%
17 louise
100%
16 luca
100%
4 Maeka
100%
23 Maelie
100%
18 shanily
100%
22 aimy
67%
8 alexina
67%
26 alicia
67%
1 Audrey
67%
25 aurelie
67%
7 boris
67%
11 constance
67%
10 Julianna
67%
24 Lilou
67%
14 Louane
67%
19 Mahama
67%
5 Maika
67%
6 Manon
67%
20 thalynchka
67%
15 Zachary
67%
21 anais
33%
3 Elyane
33%
2 helene
33%
9 Hollie
33%
Aucun quiz correspondant
Distribution des résultats
% des personnes avec chaque résultat
Percentile par nombre de réponses
Votre historique - résultats
Vous n’avez pas pris ce quiz